Undang-undang komersil Malaysia

Bibliographic Details
Main Author: Shaik Mohd. Noor Alam S.M. Hussain
Format: Book
Published: Kuala Lumpur : Dewan Bahasa dan Pustaka , 1995
Subjects:

MARC

LEADER 00000cam a2200000 7i4500
001 0000017566
005 20061130.0
020 |a 9836245332 
040 |a INS 
090 0 0 |a KPG856   |b SMNA 1995 
100 1 |a Shaik Mohd. Noor Alam S.M. Hussain 
245 1 0 |a Undang-undang komersil Malaysia   |c Shaik Mohd. Noor Alam S.M.Hussain 
260 |a Kuala Lumpur :   |b Dewan Bahasa dan Pustaka ,   |c 1995 
300 |a lxxix, 402p. ;   |c 23cm. 
500 |a Mengandungi bibliografi dan indeks 
650 0 0 |a Commercial law   |z Malaysia 
999 |a 0000017616   |b BOOK   |c Open Shelf   |e Default branch 
999 |a 0000017617   |b BOOK   |c Open Shelf   |e Default branch